Copa do Mundo - Até que fase o Brasil foi em todos os mundiais - Statistics

Estatísticas Gerais
  • Esse quiz foi jogado 213 vezes
    148 desde o último reset
  • A pontuação média é 14 de 22
Estatísticas das Respostas
Questão Resposta % Correto
Copa do Mundo de 1994 nos Estados Unidos Campeão
88%
Copa do Mundo de 2002 na Coreia do Sul e no Japão Campeão
88%
Copa do Mundo de 2006 na Alemanha Quartas de Final
88%
Copa do Mundo de 2010 na África do Sul Quartas de Final
88%
Copa do Mundo de 2022 no Catar Quartas de Final
88%
Copa do Mundo de 1950 no Brasil Vice Campeão
88%
Copa do Mundo de 1958 na Suécia Campeão
82%
Copa do Mundo de 1998 na França Vice Campeão
82%
Copa do Mundo de 1962 no Chile Campeão
76%
Copa do Mundo de 1970 no México Campeão
76%
Copa do Mundo de 2018 na Rússia Quartas de Final
76%
Copa do Mundo de 2014 no Brasil Semifinal (4° lugar)
76%
Copa do Mundo de 1982 na Espanha Segunda Fase
71%
Copa do Mundo de 1966 na Inglaterra Fase de grupos
65%
Copa do Mundo de 1986 no México Quartas de Final
65%
Copa do Mundo de 1930 no Uruguai Fase de Grupos
59%
Copa do Mundo de 1990 na Itália Oitavas de Final
59%
Copa do Mundo de 1934 na Itália Oitavas de Final
47%
Copa do Mundo de 1974 na Alemanha 4° lugar
24%
Copa do Mundo de 1938 na França Semifinal (3° lugar)
24%
Copa do Mundo de 1978 na Argentina 3° lugar
12%
Copa do Mundo de 1954 na Suíça Oitavas de Final
6%
Nenhum quiz correspondente encontrado
Distribuição das Pontuações
Porcentagem de Pessoas com Cada Pontuação
Percentil de Números Respondidos
Sua Pontuação Histórica
Você não jogou esse quiz desde o último reset